Quality change and other influences on measures of export prices of manufac (Record no. 21735)
[ view plain ]
| 000 -LEADER | |
|---|---|
| fixed length control field | 00501nam a2200181Ia 4500 |
| 001 - CONTROL NUMBER | |
| control field | 21427 |
| 003 - CONTROL NUMBER IDENTIFIER | |
| control field | PK-LaUMT |
| 005 - DATE AND TIME OF LATEST TRANSACTION | |
| control field | 20221004170325.0 |
| 008 - FIXED-LENGTH DATA ELEMENTS--GENERAL INFORMATION | |
| fixed length control field | 140408s9999 xx 000 0 und d |
| 040 ## - CATALOGING SOURCE | |
| Transcribing agency | PK-LaUMT |
| 082 ## - DEWEY DECIMAL CLASSIFICATION NUMBER | |
| Classification number | W 658.562 |
| Item number | LIP-Q |
| 100 ## - MAIN ENTRY--PERSONAL NAME | |
| Personal name | Robert E. Lipsey |
| 245 ## - TITLE STATEMENT | |
| Title | Quality change and other influences on measures of export prices of manufac |
| Statement of responsibility, etc | Robert E. Lipsey |
| 260 ## - PUBLICATION, DISTRIBUTION, ETC. (IMPRINT) | |
| Place of publication, distribution, etc | Washington,USA: |
| Name of publisher, distributor, etc | World Bank, |
| Date of publication, distribution, etc | 1963 |
| 300 ## - PHYSICAL DESCRIPTION | |
| Extent | 26 p. |
| 546 ## - LANGUAGE NOTE | |
| Language note | EN |
| 942 ## - ADDED ENTRY ELEMENTS (KOHA) | |
| Koha item type | Permanently weeded out collection |
| Source of classification or shelving scheme | Dewey Decimal Classification |
| Withdrawn status | Lost status | Damaged status | Not for loan | Home library | Current library | Date acquired | Total Checkouts | Full call number | Barcode | Date last seen | Price effective from | Koha item type |
|---|---|---|---|---|---|---|---|---|---|---|---|---|
| UMT Main Campus | UMT Main Campus | 2014-04-08 | W 658.562 LIP-Q | 4919 | 2014-04-23 | 2014-04-23 | Books |
